| 000 | 00630nam a2200193 4500 | ||
|---|---|---|---|
| 001 | 142942 | ||
| 003 | ES-MaACL | ||
| 005 | 20230906200652.0 | ||
| 007 | t| | ||
| 008 | 071011s1968 sp a c ||||1| spa d | ||
| 080 | _a737.1.034.7/.035(460)(083.8) | ||
| 110 | 2 |
_aJose A. Vicenti (Firma) _9144063 |
|
| 245 | 1 | 0 |
_aCatálogo general de la moneda española _b: Felipe V (1700) - Isabel II (1868) / _cJosé A. Vicenti. |
| 260 |
_aMadrid : _b[s.n.], _c1968 ( _fImpr. Salinero) |
||
| 300 |
_a433 p. : _bil. ; _c22 cm. |
||
| 650 | 0 | 4 |
_aMonedas- _zEspaña. _915159 |
| 650 | 4 |
_aMonedas- _vCatálogos. _9136528 |
|
| 852 |
_aES-MaACL _jC-34615 |
||
| 999 |
_c142942 _d142942 |
||